Software testing and quality assurance : theory and practice (Record no. 183111)
[ view plain ]
| 000 -LEADER | |
|---|---|
| fixed length control field | 00393nam a2200133Ia 4500 |
| 005 - DATE AND TIME OF LATEST TRANSACTION | |
| control field | 20250430160745.0 |
| 008 - FIXED-LENGTH DATA ELEMENTS--GENERAL INFORMATION | |
| fixed length control field | 231217s9999 xx 000 0 und d |
| 020 ## - INTERNATIONAL STANDARD BOOK NUMBER | |
| International Standard Book Number | 9780471789116 |
| 082 ## - DEWEY DECIMAL CLASSIFICATION NUMBER | |
| Classification number | 005.14 NAI;1 R |
| 100 ## - MAIN ENTRY--PERSONAL NAME | |
| Personal name | Naik, Kshirasagar. Tripathy, Priyadarshi |
| 245 #0 - TITLE STATEMENT | |
| Title | Software testing and quality assurance : theory and practice |
| 260 ## - PUBLICATION, DISTRIBUTION, ETC. (IMPRINT) | |
| Date of publication, distribution, etc. | 2008 |
| Name of publisher, distributor, etc. | John Wiley |
| Place of publication, distribution, etc. | USA |
| 942 ## - ADDED ENTRY ELEMENTS (KOHA) | |
| Koha item type | Books |
| Date last seen | Total Checkouts | Full call number | Accession number | Old discount | Uniform Resource Identifier | Cost, replacement price | Price effective from | Category | Lost status | Damaged status | Department | Withdrawn status | bill no. | bill date | Permanent Location | Current Location | Shelving location | Entry date | Vendor | Cost, normal purchase price | Grants | Currency symbol | Conversion rate | Discount | Discount type |
|---|---|---|---|---|---|---|---|---|---|---|---|---|---|---|---|---|---|---|---|---|---|---|---|---|---|
| 26/01/2024 | 005.14 NAI;1 R | 54165 | 20 | digital/contents/73921.pdf | 4357.82 | 26/01/2024 | Books | Central Library | 2008/CRB/0004005 | 27/11/2012 | Central Library | Central Library | MCA | 24/04/2009 | Prism Books | 99.95 | MCA | USD | 54.5 | 19.99 | Rupees |
